Регионална библиотека "Любен Каравелов" - Русе

Samtliche Werke (Запис номер 343553)

MARC детайли
000 -Лидер
Контролно поле с фиксирана дължина 00922nam a2200301 c 4500
003 - Код на организацията, давaща контролен номер
Контролно поле BLK
005 - Дата и час на последна редакция
Контролно поле 20190913121243.0
008 - Елементи от данни с фиксирана дължина
fixed length control field 180911b bul|||||r ||||||| ||bul||
010 ## - Наследен системен номер
LC control number 003214
040 ## - Източник на каталожния запис
Идентификатор на билиотеката - собственик на записа BLK
041 ## - Код за език
Код за езика на текст/звукозапис или на отделно заглавие Немски
080 ## - УДК
УДК - код + определител 830(081)830-2
100 1# - Редна дума - Автор
Автор GRABBE, Christ.
Авторска отговорност първи автор
245 00 - Сведения за заглавието
Заглавие Samtliche Werke
Том Bd. 2
246 ## - Различни форми на заглавието
Паралелно заглавие Erste Ges.-Ausg.
Наименование на поредна част от произведението драма-сборници
250 ## - Област на изданието
Сведения за изданието 6. Aufl
260 ## - Област на издателските данни
Място на издаване, разпространение и проч. Leipzig
Име на издателя, разпространителя и проч. Philipp Reclam
Година на издаване 1912 -
Дата на отпечатване 1912
300 ## - Физическа характеристика
Страници 448 с
Размери/Мащаб 16 см
380 ## - Жанр
Жанр Литературознание
490 ## - СЕРИИ (Колекции)
Име на серия Частна колекция - Академик Михаил Арнаудов
Бележки за серията Дарение - Основен фонд
653 ## - Ключова дума – ненормативна
9 (RLIN)
Ключова дума драма
653 ## - Ключова дума – ненормативна
9 (RLIN)
Ключова дума сборници
655 ## - Ключова дума – жанр/разновидност
Данни за жанр/разновидност или ключова дума за фокус немска литература
700 1# - Други автори (авторска отговорност)
Лично име Christ Dietr. Grabbe
700 1# - Други автори (авторска отговорност)
Лично име Hrsg. Rudolf Gottschall
852 ## - Местоположение
Форматна сигнатура МА 1015
942 ## - АРТИКУЛИ
Вид на библиотечния материал Книги
Скрит в OPAC Не
944 ## - СЪЗДАВАНЕ И РЕДАКЦИЯ на ЗАПИСА
Създаване/Редакция Създаване
Дата на регистрацията/редакция 1996
Служител, извършил регистрацията/редакцията ValK
999 ## - СИСТЕМНИ КОНТРОЛНИ НОМЕРА
Koha biblionumber 343553
Koha biblioitemnumber 343553
Наличности
Код за отписване Код за изгубен артикул Източник на класификационната схема Код за повреда Коз за рестрикции Код за отдаване Артикулен № Име на библиотеката - собственик Име на библиотеката, в която се намира в момента Статус (Текущо местоположение) Дата на вписване в системата Местоположение - отдел Цена в лева Номерация (Хронология) Инвентарен номер Систематично азбучна сигнатура Баркод Номер на екземпляра Цена в евро Служебен тип на артикула
  Не е изгубен Universal Decimal Classification Не е повреден без рестрикции Специални фондове ( старопечатни, редки и ценни, фонд М. Арнаудов) 743793 Регионална библиотека "Любен Каравелов" Русе Регионална библиотека "Любен Каравелов" Русе Фонд "Михаил Арнаудов" 2025-02-06 Фонд "Михаил Арнаудов" 20.00   588134 МА 1015 120000588134 1 10.23 Книги
Vip Innovations Ltd, Rousse, Bulgaria 2025